| 000 | 00445nam a2200181Ia 4500 | ||
|---|---|---|---|
| 003 | LK-CoDNM | ||
| 008 | 010623t1927 xxu||||| |||| 00| 1 eng d | ||
| 040 |
_aLK-CoDNM _dLK-CoDNM _eLK-CoDNM |
||
| 041 | _aeng | ||
| 080 |
_a50 _bC7 |
||
| 100 | _aFoenander,S.P. | ||
| 245 | _aCeylon Cricketer's Companion for 1927 | ||
| 260 |
_bC.A.C. Press _aColombo _c1927 |
||
| 300 | _b116P,11ill., 20 cm | ||
| 650 | _aClubs | ||
| 650 | _aSports | ||
| 942 | _cBK | ||
| 999 |
_c93765 _d93765 |
||